Poradenská služba pro vedoucí prodeje.
Portfolio mocenského postavenia na trhu. Zhodnotenie vyjednávacej pozície so zákazníkom. Vplyv podnikovej klímy na úspechy podniku. Zabezpečovanie veľkoobjednávok tímom predajcov. Pomoc počítačov pri vyplňovaní a zostavovaní formulárov. Používanie modelov výpočtu pre porovnanie rentability rôznych d...
Uložené v:
| Médium: | Kapitola |
|---|---|
| Jazyk: | Czech |
| Predmet: | |
| Tagy: |
Žiadne tagy, Buďte prvý, kto otaguje tento záznam!
|
MARC
| LEADER | 00000naa a2200000 4500 | ||
|---|---|---|---|
| 001 | r011634 | ||
| 005 | 20220826094837.8 | ||
| 041 | 0 | |a cze | |
| 044 | |a [CS] | ||
| 245 | 1 | 0 | |a Poradenská služba pro vedoucí prodeje. |
| 520 | |a Portfolio mocenského postavenia na trhu. Zhodnotenie vyjednávacej pozície so zákazníkom. Vplyv podnikovej klímy na úspechy podniku. Zabezpečovanie veľkoobjednávok tímom predajcov. Pomoc počítačov pri vyplňovaní a zostavovaní formulárov. Používanie modelov výpočtu pre porovnanie rentability rôznych druhov akcií pri predaji. Profil predajcu ako nástroj riadenia. Ochrana prihlasovateľa pred plagiátmi. | ||
| 610 | 2 | 0 | |a predaj |
| 610 | 2 | 0 | |a poradenstvo |
| 610 | 2 | 0 | |a zákazníci |
| 610 | 2 | 0 | |a objednávky |
| 610 | 2 | 0 | |a trh |
| 610 | 2 | 0 | |a využitie počítačov |
| 610 | 2 | 0 | |a práca tímová |
| 610 | 2 | 0 | |a Európske spoločenstvo vedúcich |